000 00279nam a22001337a 4500
008 171016b xxu||||| |||| 00| 0 eng d
020 _a0060439696
041 _aeng
080 _26TH
_a33
100 _a52
101 _aEKO
245 _aECONOMICS
_cLIPSE,R.G
942 _2udc
_cBK
999 _c34015
_d34015